<?xml version="1.0" encoding="UTF-8"?>
<collection xmlns="http://www.loc.gov/MARC21/slim">
 <record>
  <leader>02509nam a2200241Ia 4500</leader>
  <controlfield tag="001">CTU_237658</controlfield>
  <controlfield tag="008">210402s9999    xx            000 0 und d</controlfield>
  <datafield tag="082" ind1=" " ind2=" ">
   <subfield code="a">495.9220711</subfield>
  </datafield>
  <datafield tag="082" ind1=" " ind2=" ">
   <subfield code="b">T527</subfield>
  </datafield>
  <datafield tag="088" ind1=" " ind2=" ">
   <subfield code="a">8140111</subfield>
  </datafield>
  <datafield tag="100" ind1=" " ind2=" ">
   <subfield code="a">Võ, Thị Ngọc Tuyền</subfield>
  </datafield>
  <datafield tag="245" ind1=" " ind2="0">
   <subfield code="a">Khảo sát năng lực viết đoạn văn nghị luận xã hội của học sinh lớp 12 trường THPT Thực hành sư phạm - Thực trạng, nguyên nhân và giải pháp :</subfield>
  </datafield>
  <datafield tag="245" ind1=" " ind2="0">
   <subfield code="b">Luận văn Thạc sĩ Khoa học chuyên ngành: Lý luận và Phương pháp dạy Văn và Tiếng Việt</subfield>
  </datafield>
  <datafield tag="245" ind1=" " ind2="0">
   <subfield code="c">Võ Thị Ngọc Tuyền ; Tào Văn Ân (hướng dẫn khoa học)</subfield>
  </datafield>
  <datafield tag="260" ind1=" " ind2=" ">
   <subfield code="a">Cần Thơ</subfield>
  </datafield>
  <datafield tag="260" ind1=" " ind2=" ">
   <subfield code="b">Trường Đại học Cần Thơ</subfield>
  </datafield>
  <datafield tag="260" ind1=" " ind2=" ">
   <subfield code="c">2020</subfield>
  </datafield>
  <datafield tag="520" ind1=" " ind2=" ">
   <subfield code="a">Phát triển năng lực viết cho người học được xem một mục tiêu quan trọng của Chương trình giáo dục phổ thông môn Ngữ văn năm 2018. Trong đó, năng lực viết đoạn văn NLXH giữ một vai trò quan trọng. Vì vậy, chúng tôi chọn thực hiện đề tài “Khảo sát năng lực viết đoạn văn Nghị xã hội của học sinh lớp 12 trường THPT Thực hành Sư phạm - Thực trạng, nguyên nhân và giải pháp” nhằm hướng đến thực hiện những mục tiêu đã đề ra. Đồng thời, thông qua việc thực hiên đề tài này, người viết mong muốn học hỏi thêm nhiều bài học kinh nghiệm quý giá trong việc giảng dạy cũng như đánh giá năng lực viết đoạn văn NLXH của HS tại trường khảo sát. Đề tài được thực hiện thông quá trình khảo sát, chỉ ra nguyên nhân và đề xuất một số giải pháp phù hợp. Từ đó, chúng tôi mong muốn không chỉ góp phần nâng cao năng lực viết đoạn văn NLXH của HS, đặc biệt là HS lớp 12, mà còn nâng cao hơn nữa chất lượng dạy và học phân môn Làm văn ở trường phổ thông.</subfield>
  </datafield>
  <datafield tag="650" ind1=" " ind2=" ">
   <subfield code="a">Vietnamese language,Tiếng Việt</subfield>
  </datafield>
  <datafield tag="650" ind1=" " ind2=" ">
   <subfield code="x">Study and teaching,Dạy và học</subfield>
  </datafield>
  <datafield tag="904" ind1=" " ind2=" ">
   <subfield code="i">Hiếu</subfield>
  </datafield>
  <datafield tag="910" ind1=" " ind2=" ">
   <subfield code="c">tvtrong</subfield>
  </datafield>
  <datafield tag="980" ind1=" " ind2=" ">
   <subfield code="a">Trung tâm Học liệu Trường Đại học Cần Thơ</subfield>
  </datafield>
 </record>
</collection>
